Premier League Current Managers - Statistics

General Stats
  • This quiz has been taken 26 times
    3 since last reset
  • The average score is 15 of 20
Answer Stats
Team Nationality Manager Name % Correct
Bournemouth Spanish Andoni Iraola
100%
Liverpool Dutch Arne Slot
100%
Leeds United German Daniel Farke
100%
Everton Scottish David Moyes
100%
Newcastle United English Eddie Howe
100%
Chelsea Italian Enzo Maresca
100%
West Ham United English Graham Potter
100%
Arsenal Spanish Mikel Arteta
100%
Nottingham Forest Portuguese Nuno Espírito Santo
100%
Manchester City Spanish Pep Guardiola
100%
Manchester United Portuguese Ruben Amorim
100%
Tottenham Hotspur Danish Thomas Frank
100%
Aston Villa Spanish Unai Emery
100%
Brighton & Hove Albion German Fabian Hürzeler
50%
Fulham Portuguese Marco Silva
50%
Crystal Palace Austrian Oliver Glasner
50%
Burnley English Scott Parker
50%
Brentford Irish Keith Andrews
0%
Sunderland French Régis Le Bris
0%
Wolverhampton Wanderers Portuguese Vítor Pereira
0%
No matching quizzes found
Score Distribution
Percent of People with Each Score
Percentile by Number Answered
Your Score History
You have not taken this quiz since the last reset